000 00389nam a2200133Ia 4500
008 100328s9999 xx 000 0 und d
082 _b49743
100 _aदुर्वे लालू
245 _aकॅाल ऑफ टायगर.
260 _bआरती
630 _aकॅाल ऑफ टायगर.
730 _aकॅाल ऑफ टायगर.
942 _cBOOK
999 _c537006
_d537003